000 00310nam a2200121 i 4500
001 bg
245 0 _aMiędzynarodowa Konferencja Naukowo-Techniczna :
_bkonstrukcje metalowe.
_nT. 2.
260 _aKatowice,
_c1979.
040 _cBPK
041 _apol
942 _cKS
008 s pl f |000 0 pol
999 _c19482
_d19482
856 _uhttp://koha.tu.koszalin.pl/cgi-bin/koha/opac-detail.pl?biblionumber=19482
_yKatalog online BPK